Comparative constitutional law : (Record no. 1549)

MARC details
000 -LEADER
fixed length control field 01745cam a2200397 i 4500
001 - CONTROL NUMBER
control field data
005 - DATE AND TIME OF LATEST TRANSACTION
control field 20260322212105.0
008 - FIXED-LENGTH DATA ELEMENTS--GENERAL INFORMATION
fixed length control field data
035 ## - SYSTEM CONTROL NUMBER
System control number 18025694
010 ## - LIBRARY OF CONGRESS CONTROL NUMBER
LC control number 2014004374
020 ## - INTERNATIONAL STANDARD BOOK NUMBER
International Standard Book Number 9780769866499
020 ## - INTERNATIONAL STANDARD BOOK NUMBER
International Standard Book Number 0769866492
040 ## - CATALOGING SOURCE
Original cataloging agency DLC
Language of cataloging eng
Transcribing agency DLC
Description conventions rda
042 ## - AUTHENTICATION CODE
Authentication code pcc
043 ## - GEOGRAPHIC AREA CODE
Geographic area code f-sa---
-- n-ca---
-- u-at---
-- f-sa---
050 00 - LIBRARY OF CONGRESS CALL NUMBER
Classification number K3165
Item number .R669 2014
082 00 - DEWEY DECIMAL CLASSIFICATION NUMBER
Classification number 342
Edition information 23
100 1# - MAIN ENTRY--PERSONAL NAME
Personal name Ross, Stephen F.,
Dates associated with a name 1955-
Relator term author.
245 10 - TITLE STATEMENT
Title Comparative constitutional law :
Remainder of title a contextual approach /
Statement of responsibility, etc. Stephen Ross, Professor of Law, Lewis H. Vovakis Distinguished Faculty Scholar, Penn State Dickinson School of Law; Helen Irving, Professor of Law, Sydney Law School, The University of Sydney; Heinz Klug, Evjue-Bascom Professor of Law, University of Wisconsin Law School, Senior Honorary Research Associate, Law School, University of the Witwatersrand.
264 #1 - PRODUCTION, PUBLICATION, DISTRIBUTION, MANUFACTURE, AND COPYRIGHT NOTICE
Place of production, publication, distribution, manufacture New Providence, NJ :
Name of producer, publisher, distributor, manufacturer LexisNexis,
Date of production, publication, distribution, manufacture, or copyright notice [2014]
300 ## - PHYSICAL DESCRIPTION
Extent xv, 804, 6, 6 pages ;
Dimensions 27 cm.
336 ## - CONTENT TYPE
Content type term text
Source rdacontent
337 ## - MEDIA TYPE
Media type term unmediated
Source rdamedia
338 ## - CARRIER TYPE
Carrier type term volume
Source rdacarrier
504 ## - BIBLIOGRAPHY, ETC. NOTE
Bibliography, etc. note Includes bibliographical references and index.
650 #0 - SUBJECT ADDED ENTRY--TOPICAL TERM
Topical term or geographic name entry element Constitutional law
650 #0 - SUBJECT ADDED ENTRY--TOPICAL TERM
Topical term or geographic name entry element Constitutional law
Geographic subdivision United States.
650 #0 - SUBJECT ADDED ENTRY--TOPICAL TERM
Topical term or geographic name entry element Constitutional law
Geographic subdivision Canada.
650 #0 - SUBJECT ADDED ENTRY--TOPICAL TERM
Topical term or geographic name entry element Constitutional law
Geographic subdivision Australia.
650 #0 - SUBJECT ADDED ENTRY--TOPICAL TERM
Topical term or geographic name entry element Constitutional law
Geographic subdivision South Africa.
700 1# - ADDED ENTRY--PERSONAL NAME
Personal name Irving, Helen,
Relator term author.
700 1# - ADDED ENTRY--PERSONAL NAME
Personal name Klug, Heinz,
Dates associated with a name 1957-
Relator term author.
906 ## - LOCAL DATA ELEMENT F, LDF (RLIN)
a 7
b cbc
c orignew
d 1
e ecip
f 20
g y-gencatlg
925 0# -
-- acquire
-- 1 shelf copy
-- policy default
955 ## - COPY-LEVEL INFORMATION (RLIN)
-- xg06 2014-01-31 to Dewey
-- xl03 2014-01-31
Holdings
Withdrawn status Lost status Damaged status Not for loan Home library Current library Shelving location Date acquired Total checkouts Full call number Barcode Date last seen Price effective from Koha item type
        Liberty Liberty General stacks 22/03/2026   342 LOC-LPL-00012 22/03/2026 22/03/2026 Books